Normal view MARC view

Entry Personal Name

Number of records used in: 1

001 - CONTROL NUMBER

  • control field: 308393

003 - CONTROL NUMBER IDENTIFIER

  • control field: DLC

005 - DATE AND TIME OF LATEST TRANSACTION

  • control field: 20250304133033.0

008 - FIXED-LENGTH DATA ELEMENTS

  • fixed length control field: 170109n| azannabbn |n aaa

010 ## - LIBRARY OF CONGRESS CONTROL NUMBER

  • LC control number: nb2017000397

035 ## - SYSTEM CONTROL NUMBER

  • System control number: (Uk)009817588

040 ## - CATALOGING SOURCE

  • Original cataloging agency: Uk
  • Language of cataloging: eng
  • Description conventions: rda
  • Transcribing agency: Uk

046 ## - SPECIAL CODED DATES

  • Start period: 20

100 1# - HEADING--PERSONAL NAME

  • Personal name: Lawler, John A.

370 ## - ASSOCIATED PLACE

  • Associated country: United States
  • Source of term: naf

372 ## - FIELD OF ACTIVITY

  • Field of activity: Business
  • Source of term: lcsh

373 ## - ASSOCIATED GROUP

  • Associated group: PrimeGenesis (Firm)

374 ## - OCCUPATION

  • Occupation: Business consultants
  • Occupation: Chief executive officers
  • Source of term: lcsh

375 ## - GENDER

  • Gender: Males
  • Source of term: lcsh

377 ## - ASSOCIATED LANGUAGE

  • Language code: eng

670 ## - SOURCE DATA FOUND

  • Source citation: The new leader's 100-day action plan, [2016]:
  • Information found: title page (John A. Lawler) author page (He is CEO of PrimeGenesis and a business consultant)